Supply Teaching Key Stage 1 Key Stage 1 (Record no. 48987)
| 000 -LEADER | |
|---|---|
| fixed length control field | 00387nam a22001217a 4500 |
| 008 - FIXED-LENGTH DATA ELEMENTS--GENERAL INFORMATION | |
| fixed length control field | 250701b |||||||| |||| 00| 0 eng d |
| 020 ## - INTERNATIONAL STANDARD BOOK NUMBER | |
| International Standard Book Number | 9780439019767 |
| 100 ## - MAIN ENTRY--PERSONAL NAME | |
| Personal name | Ann Malpas (Author), Ann Malpass (Author) |
| 9 (RLIN) | 86365 |
| 245 ## - TITLE STATEMENT | |
| Title | Supply Teaching Key Stage 1 Key Stage 1 |
| 260 ## - PUBLICATION, DISTRIBUTION, ETC. (IMPRINT) | |
| Place of publication, distribution, etc | United Kingdom |
| Name of publisher, distributor, etc | Scholastic |
| Date of publication, distribution, etc | 2002 |
| 300 ## - PHYSICAL DESCRIPTION | |
| Extent | 64 p |
| Other physical details | col. ill. |
| Dimensions | 8.27 x 0.2 x 11.69 inches |
| 942 ## - ADDED ENTRY ELEMENTS (KOHA) | |
| Source of classification or shelving scheme | |
| Withdrawn status | Lost status | Source of classification or shelving scheme | Damaged status | Not for loan | Collection code | Home library | Current library | Date acquired | Total Checkouts | Full call number | Barcode | Date last seen | Price effective from | Koha item type |
|---|---|---|---|---|---|---|---|---|---|---|---|---|---|---|
| Non-Fiction | Asian Hope Siem Reap | Asian Hope Siem Reap | 07/01/2025 | NFIC ANN | 208236 | 07/01/2025 | 07/01/2025 | Book |